La opción del cristiano: síntesis actualizada de teología moral

Guardat en:
Dades bibliogràfiques
Autor principal: Sánchez García, Urbano (Autor)
Format: Llibre
Idioma:espanyol
Publicat: Madrid Sociedad de Educación Atenas 1984
Col·lecció:Colección Síntesis
Matèries:
Etiquetes: Afegir etiqueta
Sense etiquetes, Sigues el primer a etiquetar aquest registre!

MARC

LEADER 00000nam a2200000 a 4500
001 UCL2260
003 CL-VaPUC
008 031017e19840000SP |||||||||||||||||spa|d
020 |a 8470201905 
020 |a 8470201913 
082 0 4 |a 241  |b SAN  |2 21 
100 0 |a Sánchez García, Urbano  |e author  |9 479315 
245 1 3 |a La opción del cristiano: síntesis actualizada de teología moral 
300 |a v 
942 |c BK 
945 |d 20031017 00:00:00  |a vberengu 
260 |a Madrid  |b Sociedad de Educación Atenas  |c 1984 
500 |a v.1: La madurez en Cristo 
500 |a  Teología moral fundamental 
650 0 |a Teología moral   |9 256617 
650 0 |a Ética cristiana   |9 308677 
583 |a last modification  |c 20031017 00:00:00  |k Rodrigo Vera 
490 0 |a Colección Síntesis 
999 |c 305610  |d 305608 
952 |0 0  |1 0  |4 0  |6 241_000000000000000_SAN_1984  |7 0  |8 A  |9 369735  |a BIBTEO  |b BIBTEO  |d 2019-11-21  |h v.1  |i 209035K  |o 241 SAN 1984  |p 209035K  |r 2025-01-17  |w 2019-11-21  |y BK  |k ICR 
952 |0 0  |1 0  |4 0  |6 241_000000000000000_SAN_1984  |7 0  |8 A  |9 369736  |a BIBTEO  |b BIBTEO  |d 2019-11-21  |h v.1  |i 2090368  |o 241 SAN 1984  |p 2090368  |r 2025-01-17  |w 2019-11-21  |y BK  |k ICR